Statistiques concernant 15 villes du gers

Cliquez ici pour prendre le quiz!

Statistiques générales

  • Ce quiz a été pris 62 fois
  • Le résultat moyen est 8 sur 15

Statistiques - réponses

HintRéponse% Correct
1Auch
98%
4Condom
89%
3Fleurance
70%
5Mirande
70%
2L'Isle-Jourdain
65%
8Eauze
63%
6Lectoure
61%
15Nogaro
50%
7Gimont
41%
9Samatan
35%
13Lombez
30%
11Mauvezin
30%
10Pavie
28%
14Riscle
24%
12Vic-Fezansac
17%

Distribution des résultats

Percentile par nombre de réponses

% des personnes avec chaque résultat

Votre développement - résultats

Vous n’avez pas pris ce quiz